000 00430nam a2200157Ia 4500
008 210716s2011 xx 000 0 und d
020 _a9780071741354
041 _aeng
082 _a621.395 GIBJ
100 _aGibilisco, Stan.
245 _aTeach yourself electricity and electronics.
250 _a5
260 _aNew Delhi
_bTata McGraw Hill Publishing Company Ltd
_c2011
300 _axvii,734
650 _aDigital Systems
999 _c182338
_d182338